| 000 | 00418nam a2200181Ia 4500 | ||
|---|---|---|---|
| 005 | 20240823023346.0 | ||
| 008 | 240823s9999||||xx |||||||||||||| ||und|| | ||
| 041 | _aENGLISH | ||
| 082 | _A370.15 P3 | ||
| 100 | _aNagarajan K et al. | ||
| 245 | 0 | _aEducational Psychology | |
| 250 | _a2nd | ||
| 260 |
_c2003 _bRam Publi _aChennai |
||
| 500 | _aYES | ||
| 650 |
_aPsycology _bGeneral |
||
| 942 | _cBK | ||
| 999 |
_c181354 _d181354 |
||